000 00717nam a2200241 a 4500
001 61107
003 BD-RjUL
005 20211209080925.0
008 170115s1995 ii a 001 0 eng u
020 _a8120310403
_c Rs. : 225.00
035 _a(BD-RjUL)61231
040 _aBD-RjUL
_beng
_cBD-RjUL
041 _aeng
082 _223
_a410
_bAKL 1996
245 1 0 _aLinguistics :
_ban introduction to language and communication /
_cAdrian Akmajian [et al...]
250 _a4th ed.
260 _aNew Delhi :
_bPrentice-Hall of India,
_cc1995 [1996].
300 _a206 p. :
_bill. ;
_c20 cm.
500 _aIncludes index.
650 0 _aLinguistics.
_9181595
700 _aAkmajian, Adrian.
_9183608
942 _2ddc
_cBK
999 _c61107
_d61107